| 000 | 00620pam a2200241 a 4500 | ||
|---|---|---|---|
| 020 | _a0812112393 | ||
| 040 | _cDLC | ||
| 082 | 0 | 0 | _a636 LEA 1990 A083 Or. |
| 100 | 1 | _aSwaim, Steven F. | |
| 245 | 1 | 0 | _aSmall animal wound management / |
| 260 |
_aPhiladelphia : _bLea & Febiger, _c1990. |
||
| 300 |
_axv, 252 p. : _bill. ; _c28 cm. |
||
| 650 | 0 | _aDogs | |
| 650 | 0 | _aCats | |
| 650 | 0 | _aVeterinary traumatology. | |
| 650 | 0 | _aSkin | |
| 650 | 2 | _aVeterinary Medicine. | |
| 650 | 2 | _aWounds and Injuries | |
| 650 | 2 | _aWounds and Injuries | |
| 700 | 1 | _aHenderson, Ralph A. | |
| 700 | 1 | _aPidgeon, Rhoda. | |
| 942 | _cEK | ||
| 999 |
_c16118 _d16118 |
||